| 000 | 00646nam a2200217 a 4500 | ||
|---|---|---|---|
| 005 | 20220812063748.0 | ||
| 008 | 030922s1991 ea r 000 0 eng d | ||
| 020 | _a0892328134 | ||
| 035 | _aUPN01000129028 | ||
| 049 | _aCG | ||
| 050 | 4 |
_aLC215 _bL57 |
|
| 245 | 0 | 0 |
_aLiteracy through family, community and school interaction / _ced. Steven B. Silvern. |
| 260 |
_aGreenwich, Conn. : _bJai, _c1991. |
||
| 300 | _a291 p. | ||
| 440 | 0 |
_aAdvances in reading/languaje research ; _v5 |
|
| 500 | _a"A research annual" | ||
| 650 | 4 |
_aComunidad y escuela _99258 |
|
| 650 | 4 | _aHOGAR Y ESCUELA | |
| 700 | 1 |
_aSilvern, Steven B., _eed. |
|
| 905 | _aLibro | ||
| 999 |
_c101201 _d101201 |
||